"De Bello Gallico" and Other Commentaries (Record no. 239912)
[ view plain ]
| 000 -LEADER | |
|---|---|
| fixed length control field | 00876cam a22002773a 4500 |
| 001 - CONTROL NUMBER | |
| control field | 10657 |
| 003 - CONTROL NUMBER IDENTIFIER | |
| control field | PGUSA |
| 005 - DATE AND TIME OF LATEST TRANSACTION | |
| control field | 20140828083227.0 |
| 008 - FIXED-LENGTH DATA ELEMENTS--GENERAL INFORMATION | |
| fixed length control field | 040101s2004||||xxu|||||s|||||000 | eng d |
| 040 ## - CATALOGING SOURCE | |
| Original cataloging agency | PGUSA |
| Language of cataloging | eng |
| 042 ## - AUTHENTICATION CODE | |
| Authentication code | dc |
| 050 #4 - LIBRARY OF CONGRESS CALL NUMBER | |
| Classification number | PA |
| 100 1# - MAIN ENTRY--PERSONAL NAME | |
| Personal name | Caesar, Julius, |
| Dates associated with a name | -100--44 |
| 245 10 - TITLE STATEMENT | |
| Title | "De Bello Gallico" and Other Commentaries |
| Medium | [electronic resource] / |
| Statement of responsibility, etc | Julius Caesar |
| 260 ## - PUBLICATION, DISTRIBUTION, ETC. (IMPRINT) | |
| Name of publisher, distributor, etc | Project Gutenberg, |
| Date of publication, distribution, etc | 2004 |
| 505 0# - FORMATTED CONTENTS NOTE | |
| Formatted contents note | The war in Gaul -- The civil war. |
| 506 ## - RESTRICTIONS ON ACCESS NOTE | |
| Terms governing access | Public domain in the USA. |
| 516 ## - TYPE OF COMPUTER FILE OR DATA NOTE | |
| Type of computer file or data note | Electronic text |
| 653 ## - INDEX TERM--UNCONTROLLED | |
| Uncontrolled term | Rome -- History -- Civil War, 49-48 B.C. |
| 653 ## - INDEX TERM--UNCONTROLLED | |
| Uncontrolled term | Gaul -- History -- Gallic Wars, 58-51 B.C. |
| 700 1# - ADDED ENTRY--PERSONAL NAME | |
| Personal name | De Quincey, Thomas, |
| Dates associated with a name | 1785-1859 |
| 700 1# - ADDED ENTRY--PERSONAL NAME | |
| Personal name | McDevitte, W. A. |
| Fuller form of name | (William Alexander) |
| 830 #0 - SERIES ADDED ENTRY--UNIFORM TITLE | |
| Uniform title | Project Gutenberg |
| Volume number/sequential designation | 10657 |
| 856 40 - ELECTRONIC LOCATION AND ACCESS | |
| Uniform Resource Identifier | <a href="http://www.gutenberg.org/ebooks/10657">http://www.gutenberg.org/ebooks/10657</a> |
| 942 ## - ADDED ENTRY ELEMENTS (KOHA) | |
| Koha item type | eBooks |
| Withdrawn status | Lost status | Damaged status | Home library | Current library | Date acquired | Total Checkouts | Date last seen | Price effective from | Koha item type |
|---|---|---|---|---|---|---|---|---|---|
| Project Gutenberg | Project Gutenberg | 08/28/2014 | 08/28/2014 | 08/28/2014 | eBooks |